Zmeny v okolnostiach vývoja štruktúry produkcie
Zmeny pôsobiace na formovanie štruktúry hospodárstva. Prístupy k riešeniu dôsledkov zmien. Nové okolnosti vplývajúce na vývoj štruktúry národného hospodárstva. Rozhodujúce faktory vývoja štruktúry hospodárstva.
Salvato in:
| Autore principale: | |
|---|---|
| Natura: | Capitolo di libro |
| Lingua: | slovacco |
| Soggetti: | |
| Tags: |
Nessun Tag, puoi essere il primo ad aggiungerne!!
|
MARC
| LEADER | 00000naa a2200000 4500 | ||
|---|---|---|---|
| 001 | r044065 | ||
| 005 | 20231003112311.4 | ||
| 041 | 0 | |a slo | |
| 044 | |a SK | ||
| 245 | 1 | 0 | |a Zmeny v okolnostiach vývoja štruktúry produkcie |c Eugen Valach |
| 520 | |a Zmeny pôsobiace na formovanie štruktúry hospodárstva. Prístupy k riešeniu dôsledkov zmien. Nové okolnosti vplývajúce na vývoj štruktúry národného hospodárstva. Rozhodujúce faktory vývoja štruktúry hospodárstva. | ||
| 610 | 2 | 0 | |a štruktúra ekonomická |
| 610 | 2 | 0 | |a štruktúra výroby |
| 610 | 2 | 0 | |a globalizácia |
| 610 | 2 | 0 | |a internacionalizácia |
| 610 | 2 | 0 | |a trh |
| 610 | 2 | 0 | |a adaptácia |
| 610 | 2 | 0 | |a politika štruktúrna |
| 100 | 1 | |a Valach, Eugen | |